<?xml version="1.0" encoding="UTF-8"?>
<collection xmlns:xsi="http://www.w3.org/2001/XMLSchema-instance" xsi:schemaLocation="http://www.loc.gov/MARC21/slim http://www.loc.gov/standards/marcxml/schema/MARC21slim.xsd" xmlns="http://www.loc.gov/MARC21/slim">
 <record>
  <leader>00000nam a22000004a 4500</leader>
  <controlfield tag="001">UP-8027390931311527198</controlfield>
  <controlfield tag="003">Buklod</controlfield>
  <controlfield tag="005">20250422141027.0</controlfield>
  <controlfield tag="006">m    |o  d |      </controlfield>
  <controlfield tag="007">ta</controlfield>
  <controlfield tag="008">250422s2020    ph a    rb   |000 0 eng d</controlfield>
  <datafield tag="022" ind1="0" ind2=" ">
   <subfield code="a">2718-9368</subfield>
  </datafield>
  <datafield tag="037" ind1=" " ind2=" ">
   <subfield code="a">BC-75093</subfield>
   <subfield code="b">Gift - Cordillera Studies Center</subfield>
  </datafield>
  <datafield tag="040" ind1=" " ind2=" ">
   <subfield code="a">BAG</subfield>
   <subfield code="d">BAG</subfield>
   <subfield code="e">rda</subfield>
  </datafield>
  <datafield tag="041" ind1="0" ind2=" ">
   <subfield code="a">eng</subfield>
  </datafield>
  <datafield tag="090" ind1=" " ind2="0">
   <subfield code="a">TD 194.83 P6</subfield>
   <subfield code="b">P54 2020</subfield>
  </datafield>
  <datafield tag="110" ind1="2" ind2=" ">
   <subfield code="a">Philippines.</subfield>
   <subfield code="b">Philippine Statistics Authority.  Regional Statistical Services Office-Cordillera Administrative Region.</subfield>
   <subfield code="e">author.</subfield>
  </datafield>
  <datafield tag="245" ind1="1" ind2="0">
   <subfield code="a">Regional compendium of environment statistics</subfield>
   <subfield code="b">Cordillera Administrative Region</subfield>
   <subfield code="c">Regional Statistical Services Office-Cordillera Administrative Region, Philippine Statistics Authority. </subfield>
  </datafield>
  <datafield tag="264" ind1=" " ind2="1">
   <subfield code="a">Baguio City</subfield>
   <subfield code="b">Philippine Statistics Authority</subfield>
   <subfield code="c">2020.</subfield>
  </datafield>
  <datafield tag="300" ind1=" " ind2=" ">
   <subfield code="a">xv, 275 pages</subfield>
   <subfield code="b">color illustrations, map</subfield>
   <subfield code="c">29 cm </subfield>
  </datafield>
  <datafield tag="336" ind1=" " ind2=" ">
   <subfield code="a">text</subfield>
   <subfield code="2">rdacontent</subfield>
  </datafield>
  <datafield tag="337" ind1=" " ind2=" ">
   <subfield code="a">unmediated</subfield>
   <subfield code="2">rdamedia</subfield>
  </datafield>
  <datafield tag="338" ind1=" " ind2=" ">
   <subfield code="a">volume</subfield>
   <subfield code="2">rdacarrier</subfield>
  </datafield>
  <datafield tag="504" ind1=" " ind2=" ">
   <subfield code="a">Includes bibliographical references. </subfield>
  </datafield>
  <datafield tag="545" ind1=" " ind2=" ">
   <subfield code="a">Continues: Environmental and natural resource accounting : the Cordillera experience published in 2001.</subfield>
  </datafield>
  <datafield tag="588" ind1=" " ind2=" ">
   <subfield code="a">Title from cover.</subfield>
  </datafield>
  <datafield tag="650" ind1=" " ind2="0">
   <subfield code="a">Environmental auditing</subfield>
   <subfield code="z">Philippines</subfield>
   <subfield code="z">Cordillera Region.</subfield>
  </datafield>
  <datafield tag="650" ind1=" " ind2="0">
   <subfield code="a">Natural resources surveys</subfield>
   <subfield code="z">Philippines</subfield>
   <subfield code="z">Cordillera Region.</subfield>
  </datafield>
  <datafield tag="650" ind1=" " ind2="0">
   <subfield code="a">Environmental impact analysis</subfield>
   <subfield code="z">Philippines</subfield>
   <subfield code="z">Cordillera Region</subfield>
   <subfield code="v">Statistics.</subfield>
  </datafield>
  <datafield tag="650" ind1=" " ind2="0">
   <subfield code="a">Environmental health</subfield>
   <subfield code="z">Philippines</subfield>
   <subfield code="z">Cordillera Region</subfield>
   <subfield code="v">Statistics.</subfield>
  </datafield>
  <datafield tag="905" ind1=" " ind2=" ">
   <subfield code="a">FI</subfield>
  </datafield>
  <datafield tag="852" ind1="0" ind2=" ">
   <subfield code="a">UPBAG</subfield>
   <subfield code="b">UPBAG-MAIN</subfield>
   <subfield code="h">TD 194.83 P6</subfield>
   <subfield code="i">P54 2020</subfield>
  </datafield>
  <datafield tag="942" ind1=" " ind2=" ">
   <subfield code="a">Book</subfield>
  </datafield>
 </record>
</collection>
